| 000 | 01466cam a22003857a 4500 | ||
|---|---|---|---|
| 001 | 14164799 | ||
| 003 | Nust- CAS-E | ||
| 005 | 20180118181359.0 | ||
| 008 | 051104s2006 enka b 001 0 eng | ||
| 010 | _a 2005936800 | ||
| 015 |
_aGBA582813 _2bnb |
||
| 016 | 7 |
_a013302240 _2Uk |
|
| 020 | _a1852339748 | ||
| 020 | _a1846282071 | ||
| 020 | _a9781852339746 | ||
| 035 | _a(OCoLC)ocm61757606 | ||
| 040 |
_aUKM _cUKM _dBAKER _dOHX _dBWKUK _dDLC |
||
| 042 |
_aukblsr _alccopycat |
||
| 050 | 0 | 0 |
_aTK2931 _b.F787 2006 |
| 082 | 0 | 0 |
_a621.312429 _222 _bFUE 2006 |
| 245 | 0 | 0 |
_aFuel cell technology : _breaching towards commercialization / _cNigel Sammes (ed.). |
| 260 |
_aLondon : _bSpringer, _cc2006. |
||
| 300 |
_axiv, 298 p. : _bill. ; _c24 cm. |
||
| 440 | 0 | _aEngineering materials and processes | |
| 504 | _aIncludes bibliographical references and index. | ||
| 650 | 0 | _aFuel cells. | |
| 700 | 1 | _aSammes, Nigel M. | |
| 856 | 4 | 1 |
_3Table of contents _uhttp://www.loc.gov/catdir/toc/fy0607/2005936800.html |
| 856 | 4 | 2 |
_3Publisher description _uhttp://www.loc.gov/catdir/enhancements/fy0663/2005936800-d.html |
| 856 | 4 | 2 |
_3Contributor biographical information _uhttp://www.loc.gov/catdir/enhancements/fy0818/2005936800-b.html |
| 906 |
_a7 _bcbc _ccopycat _d2 _encip _f20 _gy-gencatlg |
||
| 942 |
_2ddc _cBK |
||
| 999 |
_c355366 _d355366 |
||